<?xml version="1.0" encoding="UTF-8"?>
<record
    xmlns:xsi="http://www.w3.org/2001/XMLSchema-instance"
    xsi:schemaLocation="http://www.loc.gov/MARC21/slim http://www.loc.gov/standards/marcxml/schema/MARC21slim.xsd"
    xmlns="http://www.loc.gov/MARC21/slim">

  <leader>01237nam a22002537a 4500</leader>
  <controlfield tag="005">20141003020003.0</controlfield>
  <controlfield tag="008">130507s2011    ck a   gr     00010 spa d</controlfield>
  <datafield tag="020" ind1=" " ind2=" ">
    <subfield code="a">9789588317687</subfield>
  </datafield>
  <datafield tag="041" ind1="0" ind2=" ">
    <subfield code="a">spa</subfield>
  </datafield>
  <datafield tag="043" ind1=" " ind2=" ">
    <subfield code="a">s-ck---</subfield>
  </datafield>
  <datafield tag="082" ind1="0" ind2="4">
    <subfield code="a">633.8952 </subfield>
    <subfield code="b">S83n</subfield>
  </datafield>
  <datafield tag="245" ind1="0" ind2="0">
    <subfield code="a">Nuevos clones de caucho natural para la Amazonia colombiana : </subfield>
    <subfield code="b">Enfasis en la resistencia al mal suramericano de las hojas (Mycrocyclus ulei) /</subfield>
    <subfield code="c">editores Armando Sterling Cu&#xE9;llar, Carlos Hernando Rodr&#xED;guez Le&#xF3;n ; revisi&#xF3;n t&#xE9;cnica An&#xED;bal Tapiero Ortiz.</subfield>
  </datafield>
  <datafield tag="260" ind1=" " ind2=" ">
    <subfield code="a">Florencia : </subfield>
    <subfield code="b">Asociaci&#xF3;n de Reforestadores y Cultivadores de Caucho del Caquet&#xE9;, ASOHECA : </subfield>
    <subfield code="b">Instituto Amaz&#xF3;nico de Investigaciones Cient&#xED;ficas,</subfield>
    <subfield code="c">2011.</subfield>
  </datafield>
  <datafield tag="300" ind1=" " ind2=" ">
    <subfield code="a">195 p. : </subfield>
    <subfield code="b">il. ; </subfield>
    <subfield code="c">24 cm.</subfield>
  </datafield>
  <datafield tag="504" ind1=" " ind2=" ">
    <subfield code="a">Incluye referencias bibliogr&#xE1;ficas</subfield>
  </datafield>
  <datafield tag="650" ind1=" " ind2="4">
    <subfield code="a">Caucho</subfield>
    <subfield code="x"> Cultivo</subfield>
    <subfield code="z"> Amazonas (Regi&#xF3;n, Colombia)</subfield>
    <subfield code="9">481</subfield>
  </datafield>
  <datafield tag="650" ind1=" " ind2="4">
    <subfield code="a">Mejoramiento selectivo de plantas</subfield>
    <subfield code="z"> Amazonas (Regi&#xF3;n, Colombia)</subfield>
    <subfield code="9">482</subfield>
  </datafield>
  <datafield tag="650" ind1=" " ind2="4">
    <subfield code="a">Recursos fitogen&#xE9;ticos</subfield>
    <subfield code="z"> Amazonas (Regi&#xF3;n, Colombia)</subfield>
    <subfield code="9">483</subfield>
  </datafield>
  <datafield tag="700" ind1="1" ind2=" ">
    <subfield code="a">Tapiero Ort&#xED;z, Anibal, </subfield>
    <subfield code="e">rev.</subfield>
    <subfield code="9">484</subfield>
  </datafield>
  <datafield tag="700" ind1="1" ind2=" ">
    <subfield code="a">Sterling Cu&#xE9;llar, Armando, </subfield>
    <subfield code="e">ed.</subfield>
    <subfield code="9">485</subfield>
  </datafield>
  <datafield tag="700" ind1="1" ind2=" ">
    <subfield code="a">Rodr&#xED;guez Le&#xF3;n, Carlos Hernando, </subfield>
    <subfield code="e">ed.</subfield>
    <subfield code="9">486</subfield>
  </datafield>
  <datafield tag="942" ind1=" " ind2=" ">
    <subfield code="2">ddc</subfield>
    <subfield code="c">IMPRESO</subfield>
    <subfield code="0">1</subfield>
  </datafield>
  <datafield tag="949" ind1=" " ind2=" ">
    <subfield code="a">       </subfield>
  </datafield>
  <datafield tag="999" ind1=" " ind2=" ">
    <subfield code="c">7369</subfield>
    <subfield code="d">7369</subfield>
  </datafield>
  <datafield tag="952" ind1=" " ind2=" ">
    <subfield code="0">0</subfield>
    <subfield code="1">0</subfield>
    <subfield code="2">ddc</subfield>
    <subfield code="4">0</subfield>
    <subfield code="7">0</subfield>
    <subfield code="8">GENERAL</subfield>
    <subfield code="I">INV2017</subfield>
    <subfield code="a">Bogota</subfield>
    <subfield code="b">Bogota</subfield>
    <subfield code="d">2013-07-15</subfield>
    <subfield code="e">Instituto</subfield>
    <subfield code="g">39000.00</subfield>
    <subfield code="l">1</subfield>
    <subfield code="o">LB 633.8952  S83n</subfield>
    <subfield code="p">028668</subfield>
    <subfield code="r">2014-10-02 00:00:00</subfield>
    <subfield code="s">2014-10-02</subfield>
    <subfield code="t">Ej. 1</subfield>
    <subfield code="w">2013-07-15</subfield>
    <subfield code="x">Canje</subfield>
    <subfield code="y">LIBRO</subfield>
  </datafield>
</record>
